000 00426pab a2200157 454500
008 180718b2012 xxu||||| |||| 00| 0 eng d
100 _aBhatia, Amardeep Singh et al
245 _aLeveraging public procurement for fostering high-tech Manufacturing
260 _c2012
300 _ap.37-65.
362 _aApr-Jun
650 _aManufacturing industry
773 _aManagement in Government
908 _aN
909 _a97404
999 _c97404
_d97404